| 000 | 00928cam a22002531 4500 | ||
|---|---|---|---|
| 001 | gs 07000459 | ||
| 003 | DLC | ||
| 005 | 20260227111305.0 | ||
| 008 | 780523s1895 nyuaf b s000 0 eng | ||
| 010 | _ags 07000459 | ||
| 035 | _a(OCoLC)3921029 | ||
| 040 |
_aDLC _cNUtSU _dNBrockU _dDLC |
||
| 042 | _apremarc | ||
| 050 | 0 | 0 |
_aSB939 _b.L7 |
| 100 | 1 |
_aLintner, Joseph Albert, _d1822-1898. |
|
| 245 | 1 | 4 |
_aThe San Jose scale, Aspidiotus perniciosus and some other destructive scale-insects of the State of New York, _cby J.A. Lintner. |
| 260 |
_aAlbany, _bUniversity of the state of New York, _c1895. |
||
| 300 |
_a2 p. l, [267]-305, [7] p. of plates. _billus. _c25 cm. |
||
| 440 | 0 |
_aBulletin of the New York State Museum, _vv. 3, no. 13 |
|
| 500 | _aBrief explanation printed on the verso of plates. | ||
| 504 | _aBibliography: p. 303-305. | ||
| 650 | 0 | _aAspidiotus perniciosus. | |
| 650 | 0 |
_aInsect pests _zNew York (State) |
|
| 999 |
_c24582 _d24582 |
||